000 00384cam a2200169ua 4500
020 _c1.50
041 _amal
_h
082 _a894.8124
_bCHU/VI
100 _aChummar, .
245 _aVicharaleela /
_cChummar.
_hTextual Documents
260 _aCalicut :
_bP.K Brothers ,
_c1962.
300 _a129 ; .
365 _a1.50
504 _a
942 _cBK
999 _c1165
_d1165